| 000 | 00475nam a2200193Ia 4500 | ||
|---|---|---|---|
| 005 | 20240823021419.0 | ||
| 008 | 240823s9999||||xx |||||||||||||| ||und|| | ||
| 020 | _a81-224-1709-4 | ||
| 041 | _aENGLISH | ||
| 082 | _A658.047 P6 | ||
| 100 | _a"Axelrod,Robert" | ||
| 245 | 4 | _aThe Complexity of Cooperation | |
| 250 | _a1st | ||
| 260 |
_c2006 _b"New Age ,New " _aNew Delhi |
||
| 500 | _aYES | ||
| 650 |
_aCooperation _bManagement Studies |
||
| 942 | _cBK | ||
| 999 |
_c176977 _d176977 |
||